000 00329nam a22001457a 4500
999 _c9213
_d9213
003 OSt
008 201119b ||||| |||| 00| 0 eng d
100 _aUpadhyaya, J.C.
245 _aClassical Mechanics
250 _a3rd
260 _aNew Delhi
_bHimalaya
_c2019
300 _a554
650 _aB.Sc Non Medical
942 _2ddc
_cBK